00309nam a2200121Ia 45000030006000000080041000060400015000471000030000622450032000922600034001245460012001580050017001700STCL150530s9999 xx 000 0 und d aSTCLcSTCL aChristie, A.; Chaplen; Ed aWitness for the prosecution bOxford University pressc1969 aEnglish20220125171010.0